| 000 | 02256cam a22005174i 4500 | ||
|---|---|---|---|
| 003 | PE-LiUPU | ||
| 005 | 20250731165557.0 | ||
| 008 | 150625s r 000 0 d | ||
| 020 | _a8428526478 | ||
| 035 | _a(Sirsi) i9788428526470 | ||
| 040 |
_aPE-LiUPU _bspa _cPE-LiUPU _erda |
||
| 049 | _aPRUA | ||
| 082 | 0 | 4 |
_a220.95 _bG18 _221 |
| 100 | 1 |
_aGalbiati, Enrico, _eautor. |
|
| 245 | 1 | 0 |
_aAtlas histórico de la Biblia / _cEnrico Galbiati y Filippo Serafini. |
| 264 | 1 |
_aMilán : _bSan Pablo, _c2004. |
|
| 300 |
_a279 p. : _bilustraciones, fotos, mapas a colores ; _c32 centímetros |
||
| 336 |
_atext _2rdacontent |
||
| 337 |
_aunmediated _2rdamedia |
||
| 338 |
_avolume _2rdacarrier |
||
| 504 | _aIncluye referencias bibliográficas. | ||
| 505 | 0 | _aLos libros de la biblia. -Las lenguas de la biblia. -Cambio de nombre por razones hitóricas. -Criterios seguidos en el presente Atlas. -Relatos que no pueden difinirse como «históricos». -El problema de los orígenes de Israel. -Cronología de los reyes de Judá y de Israel. -Documentos históricos del Antiguo Oriente relativos a los reinos de Israel y Judá. -La historia bíblica como historia de la salvación. -. | |
| 526 | _aSEG44 | ||
| 526 | _aSEG26 | ||
| 526 | _aP151 | ||
| 526 | _aP150 | ||
| 526 | _aP149 | ||
| 526 | _aP146 | ||
| 526 | _aP145 | ||
| 526 | _aP126 | ||
| 526 | _aP125 | ||
| 526 | _aP92 | ||
| 526 | _aP75 | ||
| 526 | _aP74 | ||
| 526 | _aP27 | ||
| 526 | _aP15 | ||
| 541 | _g007-0017630; | ||
| 630 | 0 | 4 |
_aBiblia _vAtlas. |
| 630 | 0 | 4 |
_aBiblia _xHistoria de eventos bíblicos _vAtlas. |
| 700 | 1 |
_aSerafini, Filippo, _eautor. |
|
| 942 |
_2ddc _cBOOK |
||
| 949 |
_aRC 220.95 G18 _wDEWEY _c1 _i55923 _d2016-10-26 _e2016-10-26 _lCCODEBUL1 _mBUL _n5 _p76.00 _q7 _r0 _sY _tBOOK _u2015-6-25 _xTEOLOGIA _zUNKNOWN _0COMPRA _o.CIRCNOTE. No olvidar cambiar la fecha de devolución!!!!!!! _o.STAFF. Colección General |
||
| 994 |
_aC0 _bPEPRU |
||
| 596 | _a1 | ||
| 999 |
_aRC 220.95 G18 _wDEWEY _c44762 _i55923 _d44762 _e2016-10-26 _f2021-11-8 _g6 _lCCODEBUL1 _mBUL _n5 _p76.00 _q13 _r1 _sY _tBOOK _u2015-6-25 _xTEOLOGIA _zUNKNOWN _0COMPRA _o.CIRCNOTE. No olvidar cambiar la fecha de devolución!!!!!!! _o.STAFF. Colección General |
||
| 980 |
_81 _gALBERTO SANCHEZ Responsable de Automatización |
||